| 000 | 00873nam a22002777a 4500 | ||
|---|---|---|---|
| 003 | CHAP | ||
| 005 | 20220329142316.0 | ||
| 008 | 000606d1998 us a r 00110 eng d | ||
| 010 | _a81401 | ||
| 011 | _a82373 | ||
| 035 | _a92865 | ||
| 040 | _cCHAP | ||
| 082 | 0 | 4 |
_a635.93316603 _bI5 |
| 245 | 1 | 4 |
_aThe illustrated encyclopedia of camellias _c/by Stirling Macoboy and Roger Mann |
| 260 |
_aPortland, Oregon : _bTimber, _c(1998) |
||
| 300 |
_a304 p. : _bilus. |
||
| 590 |
_aBATCH-UPD _b10 _c20130110 _lUCH01 _h0533 |
||
| 590 |
_aCONVERSION _b10 _c20130109 _lUCH01 _h1345 |
||
| 650 | 1 | 4 |
_aCamellia _xEnciclopedias y diccionarios. _917828 |
| 700 | 0 |
_aMacoboy, Stirling. _969488 |
|
| 700 | 0 |
_aMann, Roger. _970513 |
|
| 901 | _aBK | ||
| 905 | _aAlejandra Carrasco M. | ||
| 942 | _cLIBRO | ||
| 949 |
_a635.93316603 I5 _bBC _cC _d33724000783049 _eC _gI.203120 _h98154 _i92865 _sex _t$593. |
||
| 999 |
_c81401 _d81401 |
||